<?xml version="1.0" encoding="UTF-8"?>
<collection xmlns="http://www.loc.gov/MARC21/slim">
 <record>
  <leader>19873nas a2201681   4500</leader>
  <controlfield tag="001">1/50447</controlfield>
  <controlfield tag="008">060208s20059999gr mrzp       0   g0gre d</controlfield>
  <datafield tag="022" ind1=" " ind2=" ">
   <subfield code="a">1790-3602</subfield>
  </datafield>
  <datafield tag="035" ind1=" " ind2=" ">
   <subfield code="l">31509</subfield>
  </datafield>
  <datafield tag="040" ind1=" " ind2=" ">
   <subfield code="a">GR-PeUP</subfield>
  </datafield>
  <datafield tag="090" ind1=" " ind2=" ">
   <subfield code="a">Αλφαβητική σειρά</subfield>
  </datafield>
  <datafield tag="245" ind1="0" ind2="0">
   <subfield code="a">Επιχείρηση :</subfield>
   <subfield code="b">εταιρική δράση - φορολογία - λογιστική - εργατικά ασφαλιστικά</subfield>
  </datafield>
  <datafield tag="260" ind1=" " ind2=" ">
   <subfield code="a">Αθήνα :</subfield>
   <subfield code="b">Νομική Βιβλιοθήκη,</subfield>
   <subfield code="c">2005-</subfield>
  </datafield>
  <datafield tag="300" ind1=" " ind2=" ">
   <subfield code="a">τ. ;</subfield>
   <subfield code="c">28 εκ.</subfield>
  </datafield>
  <datafield tag="310" ind1=" " ind2=" ">
   <subfield code="a">Μηνιαίο</subfield>
  </datafield>
  <datafield tag="362" ind1="0" ind2=" ">
   <subfield code="a">Τομ. 2, τχ. 9 (Ιανουάριος 2006)-</subfield>
  </datafield>
  <datafield tag="534" ind1=" " ind2=" ">
   <subfield code="a">Κλειστό Βιβλιοστάσιο.</subfield>
  </datafield>
  <datafield tag="546" ind1=" " ind2=" ">
   <subfield code="a">Ελληνική</subfield>
  </datafield>
  <datafield tag="650" ind1=" " ind2="4">
   <subfield code="a">Επιχειρήσεις</subfield>
   <subfield code="v">Περιοδικά.</subfield>
  </datafield>
  <datafield tag="852" ind1=" " ind2=" ">
   <subfield code="a">INST</subfield>
   <subfield code="b">UNIPILB</subfield>
   <subfield code="c">SERIALS</subfield>
   <subfield code="e">20060209</subfield>
   <subfield code="h">Αλφαβητική σειρά</subfield>
   <subfield code="p">50233</subfield>
   <subfield code="q">50233</subfield>
   <subfield code="t">NOLOAN</subfield>
   <subfield code="v">τομ.2;τεύχ.9:(Μήνας)Ιανουάριος;(Έτος)2006</subfield>
   <subfield code="y">23</subfield>
  </datafield>
  <datafield tag="852" ind1=" " ind2=" ">
   <subfield code="a">INST</subfield>
   <subfield code="b">UNIPILB</subfield>
   <subfield code="c">SERIALS</subfield>
   <subfield code="e">20060209</subfield>
   <subfield code="h">Αλφαβητική σειρά</subfield>
   <subfield code="p">50234</subfield>
   <subfield code="q">50234</subfield>
   <subfield code="t">NOLOAN</subfield>
   <subfield code="v">τομ.2;τεύχ.10:(Μήνας)Φεβρουάριος;(Έτος)2006</subfield>
   <subfield code="y">23</subfield>
  </datafield>
  <datafield tag="852" ind1=" " ind2=" ">
   <subfield code="a">INST</subfield>
   <subfield code="b">UNIPILB</subfield>
   <subfield code="c">SERIALS</subfield>
   <subfield code="e">20060313</subfield>
   <subfield code="h">Αλφαβητική σειρά</subfield>
   <subfield code="p">50762</subfield>
   <subfield code="q">50762</subfield>
   <subfield code="t">NOLOAN</subfield>
   <subfield code="v">τομ.2;τεύχ.11:(Μήνας)Μάρτιος;(Έτος)2006</subfield>
   <subfield code="y">23</subfield>
  </datafield>
  <datafield tag="852" ind1=" " ind2=" ">
   <subfield code="a">INST</subfield>
   <subfield code="b">UNIPILB</subfield>
   <subfield code="c">SERIALS</subfield>
   <subfield code="e">20060407</subfield>
   <subfield code="h">Αλφαβητική σειρά</subfield>
   <subfield code="p">51193</subfield>
   <subfield code="q">51193</subfield>
   <subfield code="t">NOLOAN</subfield>
   <subfield code="v">τομ.2;τεύχ.12:(Μήνας)Απρίλιος;(Έτος)2006</subfield>
   <subfield code="y">23</subfield>
  </datafield>
  <datafield tag="852" ind1=" " ind2=" ">
   <subfield code="a">INST</subfield>
   <subfield code="b">UNIPILB</subfield>
   <subfield code="c">SERIALS</subfield>
   <subfield code="e">20060516</subfield>
   <subfield code="h">Αλφαβητική σειρά</subfield>
   <subfield code="p">51481</subfield>
   <subfield code="q">51481</subfield>
   <subfield code="t">NOLOAN</subfield>
   <subfield code="v">τομ.2;τεύχ.13:(Μήνας)Μάιος;(Έτος)2006</subfield>
   <subfield code="y">23</subfield>
  </datafield>
  <datafield tag="852" ind1=" " ind2=" ">
   <subfield code="a">INST</subfield>
   <subfield code="b">UNIPILB</subfield>
   <subfield code="c">SERIALS</subfield>
   <subfield code="e">20060704</subfield>
   <subfield code="h">Αλφαβητική σειρά</subfield>
   <subfield code="p">51741</subfield>
   <subfield code="q">51741</subfield>
   <subfield code="t">NOLOAN</subfield>
   <subfield code="v">τομ.2;τεύχ.14:(Μήνας)Ιούνιος;(Έτος)2006</subfield>
   <subfield code="y">23</subfield>
  </datafield>
  <datafield tag="852" ind1=" " ind2=" ">
   <subfield code="a">INST</subfield>
   <subfield code="b">UNIPILB</subfield>
   <subfield code="c">SERIALS</subfield>
   <subfield code="e">20060704</subfield>
   <subfield code="h">Αλφαβητική σειρά</subfield>
   <subfield code="p">51742</subfield>
   <subfield code="q">51742</subfield>
   <subfield code="t">NOLOAN</subfield>
   <subfield code="v">τομ.2;τεύχ.15:(Μήνας)Ιούλιος;(Έτος)2006</subfield>
   <subfield code="y">23</subfield>
  </datafield>
  <datafield tag="852" ind1=" " ind2=" ">
   <subfield code="a">INST</subfield>
   <subfield code="b">UNIPILB</subfield>
   <subfield code="c">SERIALS</subfield>
   <subfield code="e">20060719</subfield>
   <subfield code="h">Αλφαβητική σειρά</subfield>
   <subfield code="p">52063</subfield>
   <subfield code="q">52063</subfield>
   <subfield code="t">NOLOAN</subfield>
   <subfield code="v">τομ.2;τεύχ.16:(Μήνας)Αύγουστος;(Έτος)2006</subfield>
   <subfield code="y">23</subfield>
  </datafield>
  <datafield tag="852" ind1=" " ind2=" ">
   <subfield code="a">INST</subfield>
   <subfield code="b">UNIPILB</subfield>
   <subfield code="c">SERIALS</subfield>
   <subfield code="e">20060904</subfield>
   <subfield code="h">Αλφαβητική σειρά</subfield>
   <subfield code="p">52580</subfield>
   <subfield code="q">52580</subfield>
   <subfield code="t">NOLOAN</subfield>
   <subfield code="v">τομ.2;τεύχ.17:(Μήνας)Σεπτέμβριος;(Έτος)2006</subfield>
   <subfield code="y">23</subfield>
  </datafield>
  <datafield tag="852" ind1=" " ind2=" ">
   <subfield code="a">INST</subfield>
   <subfield code="b">UNIPILB</subfield>
   <subfield code="c">SERIALS</subfield>
   <subfield code="e">20061005</subfield>
   <subfield code="h">Αλφαβητική σειρά</subfield>
   <subfield code="p">53018</subfield>
   <subfield code="q">53018</subfield>
   <subfield code="t">NOLOAN</subfield>
   <subfield code="v">τομ.2;τεύχ.18:(Μήνας)Οκτώβριος;(Έτος)2006</subfield>
   <subfield code="y">23</subfield>
  </datafield>
  <datafield tag="852" ind1=" " ind2=" ">
   <subfield code="a">INST</subfield>
   <subfield code="b">UNIPILB</subfield>
   <subfield code="c">SERIALS</subfield>
   <subfield code="e">20061107</subfield>
   <subfield code="h">Αλφαβητική σειρά</subfield>
   <subfield code="p">53486</subfield>
   <subfield code="q">53486</subfield>
   <subfield code="t">NOLOAN</subfield>
   <subfield code="v">τομ.2;τεύχ.19:(Μήνας)Νοέμβριος;(Έτος)2006</subfield>
   <subfield code="y">23</subfield>
  </datafield>
  <datafield tag="852" ind1=" " ind2=" ">
   <subfield code="a">INST</subfield>
   <subfield code="b">UNIPILB</subfield>
   <subfield code="c">SERIALS</subfield>
   <subfield code="e">20061221</subfield>
   <subfield code="h">Αλφαβητική σειρά</subfield>
   <subfield code="p">53988</subfield>
   <subfield code="q">53988</subfield>
   <subfield code="t">NOLOAN</subfield>
   <subfield code="v">τομ.2;τεύχ.20:(Μήνας)Δεκέμβριος;(Έτος)2006</subfield>
   <subfield code="y">23</subfield>
  </datafield>
  <datafield tag="852" ind1=" " ind2=" ">
   <subfield code="a">INST</subfield>
   <subfield code="b">UNIPILB</subfield>
   <subfield code="c">SERIALS</subfield>
   <subfield code="e">20070118</subfield>
   <subfield code="h">Αλφαβητική σειρά</subfield>
   <subfield code="p">54168</subfield>
   <subfield code="q">54168</subfield>
   <subfield code="t">NOLOAN</subfield>
   <subfield code="v">τομ.3;τεύχ.21:(Μήνας)Ιανουάριος;(Έτος)2007</subfield>
   <subfield code="y">23</subfield>
  </datafield>
  <datafield tag="852" ind1=" " ind2=" ">
   <subfield code="a">INST</subfield>
   <subfield code="b">UNIPILB</subfield>
   <subfield code="c">SERIALS</subfield>
   <subfield code="e">20070213</subfield>
   <subfield code="h">Αλφαβητική σειρά</subfield>
   <subfield code="p">54716</subfield>
   <subfield code="q">54716</subfield>
   <subfield code="t">NOLOAN</subfield>
   <subfield code="v">τομ.3;τεύχ.22:(Μήνας)Φεβρουάριος;(Έτος)2007</subfield>
   <subfield code="y">23</subfield>
  </datafield>
  <datafield tag="852" ind1=" " ind2=" ">
   <subfield code="a">INST</subfield>
   <subfield code="b">UNIPILB</subfield>
   <subfield code="c">SERIALS</subfield>
   <subfield code="e">20070314</subfield>
   <subfield code="h">Αλφαβητική σειρά</subfield>
   <subfield code="p">54962</subfield>
   <subfield code="q">54962</subfield>
   <subfield code="t">NOLOAN</subfield>
   <subfield code="v">τομ.3;τεύχ.23:(Μήνας)Μάρτιος;(Έτος)2007</subfield>
   <subfield code="y">23</subfield>
  </datafield>
  <datafield tag="852" ind1=" " ind2=" ">
   <subfield code="a">INST</subfield>
   <subfield code="b">UNIPILB</subfield>
   <subfield code="c">SERIALS</subfield>
   <subfield code="e">20070413</subfield>
   <subfield code="h">Αλφαβητική σειρά</subfield>
   <subfield code="p">55259</subfield>
   <subfield code="q">55259</subfield>
   <subfield code="t">NOLOAN</subfield>
   <subfield code="v">τομ.3;τεύχ.24:(Μήνας)Απρίλιος;(Έτος)2007</subfield>
   <subfield code="y">23</subfield>
  </datafield>
  <datafield tag="852" ind1=" " ind2=" ">
   <subfield code="a">INST</subfield>
   <subfield code="b">UNIPILB</subfield>
   <subfield code="c">SERIALS</subfield>
   <subfield code="e">20070605</subfield>
   <subfield code="h">Αλφαβητική σειρά</subfield>
   <subfield code="p">55873</subfield>
   <subfield code="q">55873</subfield>
   <subfield code="t">NOLOAN</subfield>
   <subfield code="v">τομ.3;τεύχ.26:(Μήνας)Ιούνιος;(Έτος)2007</subfield>
   <subfield code="y">23</subfield>
  </datafield>
  <datafield tag="852" ind1=" " ind2=" ">
   <subfield code="a">INST</subfield>
   <subfield code="b">UNIPILB</subfield>
   <subfield code="c">SERIALS</subfield>
   <subfield code="e">20070606</subfield>
   <subfield code="h">Αλφαβητική σειρά</subfield>
   <subfield code="p">55891</subfield>
   <subfield code="q">55891</subfield>
   <subfield code="t">NOLOAN</subfield>
   <subfield code="v">τομ.3;τεύχ.25:(Μήνας)Μάιος;(Έτος)2007</subfield>
   <subfield code="y">23</subfield>
  </datafield>
  <datafield tag="852" ind1=" " ind2=" ">
   <subfield code="a">INST</subfield>
   <subfield code="b">UNIPILB</subfield>
   <subfield code="c">SERIALS</subfield>
   <subfield code="e">20070711</subfield>
   <subfield code="h">Αλφαβητική σειρά</subfield>
   <subfield code="p">56261</subfield>
   <subfield code="q">56261</subfield>
   <subfield code="t">NOLOAN</subfield>
   <subfield code="v">τομ.3;τεύχ.27:(Μήνας)Ιούλιος;(Έτος)2007</subfield>
   <subfield code="y">23</subfield>
  </datafield>
  <datafield tag="852" ind1=" " ind2=" ">
   <subfield code="a">INST</subfield>
   <subfield code="b">UNIPILB</subfield>
   <subfield code="c">SERIALS</subfield>
   <subfield code="e">20070822</subfield>
   <subfield code="h">Αλφαβητική σειρά</subfield>
   <subfield code="p">56477</subfield>
   <subfield code="q">56477</subfield>
   <subfield code="t">NOLOAN</subfield>
   <subfield code="v">τομ.3;τεύχ.28:(Μήνας)Αύγουστος;(Έτος)2007</subfield>
   <subfield code="y">23</subfield>
  </datafield>
  <datafield tag="852" ind1=" " ind2=" ">
   <subfield code="a">INST</subfield>
   <subfield code="b">UNIPILB</subfield>
   <subfield code="c">SERIALS</subfield>
   <subfield code="e">20070910</subfield>
   <subfield code="h">Αλφαβητική σειρά</subfield>
   <subfield code="p">56841</subfield>
   <subfield code="q">56841</subfield>
   <subfield code="t">NOLOAN</subfield>
   <subfield code="v">τομ.3;τεύχ.29:(Μήνας)Σεπτέμβριος;(Έτος)2007</subfield>
   <subfield code="y">23</subfield>
  </datafield>
  <datafield tag="852" ind1=" " ind2=" ">
   <subfield code="a">INST</subfield>
   <subfield code="b">UNIPILB</subfield>
   <subfield code="c">SERIALS</subfield>
   <subfield code="e">20071010</subfield>
   <subfield code="h">Αλφαβητική σειρά</subfield>
   <subfield code="p">57510</subfield>
   <subfield code="q">57510</subfield>
   <subfield code="t">NOLOAN</subfield>
   <subfield code="v">τομ.3;τεύχ.30:(Μήνας)Οκτώβριος;(Έτος)2007</subfield>
   <subfield code="y">23</subfield>
  </datafield>
  <datafield tag="852" ind1=" " ind2=" ">
   <subfield code="a">INST</subfield>
   <subfield code="b">UNIPILB</subfield>
   <subfield code="c">SERIALS</subfield>
   <subfield code="e">20071107</subfield>
   <subfield code="h">Αλφαβητική σειρά</subfield>
   <subfield code="p">58240</subfield>
   <subfield code="q">58240</subfield>
   <subfield code="t">NOLOAN</subfield>
   <subfield code="v">τομ.3;τεύχ.31:(Μήνας)Νοέμβριος;(Έτος)2007</subfield>
   <subfield code="y">23</subfield>
  </datafield>
  <datafield tag="852" ind1=" " ind2=" ">
   <subfield code="a">INST</subfield>
   <subfield code="b">UNIPILB</subfield>
   <subfield code="c">SERIALS</subfield>
   <subfield code="e">20071206</subfield>
   <subfield code="h">Αλφαβητική σειρά</subfield>
   <subfield code="p">58809</subfield>
   <subfield code="q">58809</subfield>
   <subfield code="t">NOLOAN</subfield>
   <subfield code="v">τομ.3;τεύχ.32:(Μήνας)Δεκέμβριος;(Έτος)2007</subfield>
   <subfield code="y">23</subfield>
  </datafield>
  <datafield tag="852" ind1=" " ind2=" ">
   <subfield code="a">INST</subfield>
   <subfield code="b">UNIPILB</subfield>
   <subfield code="c">SERIALS</subfield>
   <subfield code="e">20080109</subfield>
   <subfield code="h">Αλφαβητική σειρά</subfield>
   <subfield code="p">59365</subfield>
   <subfield code="q">59365</subfield>
   <subfield code="t">NOLOAN</subfield>
   <subfield code="v">τομ.4;τεύχ.33:(Μήνας)Ιανουάριος;(Έτος)2008</subfield>
   <subfield code="y">23</subfield>
  </datafield>
  <datafield tag="852" ind1=" " ind2=" ">
   <subfield code="a">INST</subfield>
   <subfield code="b">UNIPILB</subfield>
   <subfield code="c">SERIALS</subfield>
   <subfield code="e">20080205</subfield>
   <subfield code="h">Αλφαβητική σειρά</subfield>
   <subfield code="p">59577</subfield>
   <subfield code="q">59577</subfield>
   <subfield code="t">NOLOAN</subfield>
   <subfield code="v">τομ.4;τεύχ.34:(Μήνας)Φεβρουάριος;(Έτος)2008</subfield>
   <subfield code="y">23</subfield>
  </datafield>
  <datafield tag="852" ind1=" " ind2=" ">
   <subfield code="a">INST</subfield>
   <subfield code="b">UNIPILB</subfield>
   <subfield code="c">SERIALS</subfield>
   <subfield code="e">20080314</subfield>
   <subfield code="h">Αλφαβητική σειρά</subfield>
   <subfield code="p">60184</subfield>
   <subfield code="q">60184</subfield>
   <subfield code="t">NOLOAN</subfield>
   <subfield code="v">τομ.4;τεύχ.35:(Μήνας)Μάρτιος;(Έτος)2008</subfield>
   <subfield code="y">23</subfield>
  </datafield>
  <datafield tag="852" ind1=" " ind2=" ">
   <subfield code="a">INST</subfield>
   <subfield code="b">UNIPILB</subfield>
   <subfield code="c">SERIALS</subfield>
   <subfield code="e">20080422</subfield>
   <subfield code="h">Αλφαβητική σειρά</subfield>
   <subfield code="p">60559</subfield>
   <subfield code="q">60559</subfield>
   <subfield code="t">NOLOAN</subfield>
   <subfield code="v">τομ.4;τεύχ.36:(Μήνας)Απρίλιος;(Έτος)2008</subfield>
   <subfield code="y">23</subfield>
  </datafield>
  <datafield tag="852" ind1=" " ind2=" ">
   <subfield code="a">INST</subfield>
   <subfield code="b">UNIPILB</subfield>
   <subfield code="c">SERIALS</subfield>
   <subfield code="e">20080530</subfield>
   <subfield code="h">Αλφαβητική σειρά</subfield>
   <subfield code="p">60655</subfield>
   <subfield code="q">60655</subfield>
   <subfield code="t">NOLOAN</subfield>
   <subfield code="v">τομ.4;τεύχ.37:(Μήνας)Μάιος;(Έτος)2008</subfield>
   <subfield code="y">23</subfield>
  </datafield>
  <datafield tag="852" ind1=" " ind2=" ">
   <subfield code="a">INST</subfield>
   <subfield code="b">UNIPILB</subfield>
   <subfield code="c">SERIALS</subfield>
   <subfield code="e">20080624</subfield>
   <subfield code="h">Αλφαβητική σειρά</subfield>
   <subfield code="p">60826</subfield>
   <subfield code="q">60826</subfield>
   <subfield code="t">NOLOAN</subfield>
   <subfield code="v">τομ.4;τεύχ.38:(Μήνας)Ιούνιος;(Έτος)2008</subfield>
   <subfield code="y">23</subfield>
  </datafield>
  <datafield tag="852" ind1=" " ind2=" ">
   <subfield code="a">INST</subfield>
   <subfield code="b">UNIPILB</subfield>
   <subfield code="c">SERIALS</subfield>
   <subfield code="e">20080717</subfield>
   <subfield code="h">Αλφαβητική σειρά</subfield>
   <subfield code="p">61087</subfield>
   <subfield code="q">61087</subfield>
   <subfield code="t">NOLOAN</subfield>
   <subfield code="v">τομ.4;τεύχ.39:(Μήνας)Ιούλιος;(Έτος)2008</subfield>
   <subfield code="y">23</subfield>
  </datafield>
  <datafield tag="852" ind1=" " ind2=" ">
   <subfield code="a">INST</subfield>
   <subfield code="b">UNIPILB</subfield>
   <subfield code="c">SERIALS</subfield>
   <subfield code="e">20080729</subfield>
   <subfield code="h">Αλφαβητική σειρά</subfield>
   <subfield code="p">61289</subfield>
   <subfield code="q">61289</subfield>
   <subfield code="t">NOLOAN</subfield>
   <subfield code="v">τομ.4;τεύχ.40:(Μήνας)Αύγουστος;(Έτος)2008</subfield>
   <subfield code="y">23</subfield>
  </datafield>
  <datafield tag="852" ind1=" " ind2=" ">
   <subfield code="a">INST</subfield>
   <subfield code="b">UNIPILB</subfield>
   <subfield code="c">SERIALS</subfield>
   <subfield code="e">20080904</subfield>
   <subfield code="h">Αλφαβητική σειρά</subfield>
   <subfield code="p">61386</subfield>
   <subfield code="q">61386</subfield>
   <subfield code="t">NOLOAN</subfield>
   <subfield code="v">τομ.4;τεύχ.41:(Μήνας)Σεπτέμβριος;(Έτος)2008</subfield>
   <subfield code="y">23</subfield>
  </datafield>
  <datafield tag="852" ind1=" " ind2=" ">
   <subfield code="a">INST</subfield>
   <subfield code="b">UNIPILB</subfield>
   <subfield code="c">SERIALS</subfield>
   <subfield code="e">20081007</subfield>
   <subfield code="h">Αλφαβητική σειρά</subfield>
   <subfield code="p">61712</subfield>
   <subfield code="q">61712</subfield>
   <subfield code="t">NOLOAN</subfield>
   <subfield code="v">τομ.4;τεύχ.42:(Μήνας)Οκτώβριος;(Έτος)2008</subfield>
   <subfield code="y">23</subfield>
  </datafield>
  <datafield tag="852" ind1=" " ind2=" ">
   <subfield code="a">INST</subfield>
   <subfield code="b">UNIPILB</subfield>
   <subfield code="c">SERIALS</subfield>
   <subfield code="e">20081105</subfield>
   <subfield code="h">Αλφαβητική σειρά</subfield>
   <subfield code="p">61979</subfield>
   <subfield code="q">61979</subfield>
   <subfield code="t">NOLOAN</subfield>
   <subfield code="v">τομ.4;τεύχ.43:(Μήνας)Νοέμβριος;(Έτος)2008</subfield>
   <subfield code="y">23</subfield>
  </datafield>
  <datafield tag="852" ind1=" " ind2=" ">
   <subfield code="a">INST</subfield>
   <subfield code="b">UNIPILB</subfield>
   <subfield code="c">SERIALS</subfield>
   <subfield code="e">20090122</subfield>
   <subfield code="h">Αλφαβητική σειρά</subfield>
   <subfield code="p">62503</subfield>
   <subfield code="q">62503</subfield>
   <subfield code="t">NOLOAN</subfield>
   <subfield code="v">τομ.4;τεύχ.44:(Μήνας)Δεκέμβριος;(Έτος)2008</subfield>
   <subfield code="y">23</subfield>
  </datafield>
  <datafield tag="852" ind1=" " ind2=" ">
   <subfield code="a">INST</subfield>
   <subfield code="b">UNIPILB</subfield>
   <subfield code="c">SERIALS</subfield>
   <subfield code="e">20090216</subfield>
   <subfield code="h">Αλφαβητική σειρά</subfield>
   <subfield code="p">62923</subfield>
   <subfield code="q">62923</subfield>
   <subfield code="t">NOLOAN</subfield>
   <subfield code="v">τομ.5;τεύχ.45:(Μήνας)Ιανουάριος;(Έτος)2009</subfield>
   <subfield code="y">23</subfield>
  </datafield>
  <datafield tag="852" ind1=" " ind2=" ">
   <subfield code="a">INST</subfield>
   <subfield code="b">UNIPILB</subfield>
   <subfield code="c">SERIALS</subfield>
   <subfield code="e">20090225</subfield>
   <subfield code="h">Αλφαβητική σειρά</subfield>
   <subfield code="p">63172</subfield>
   <subfield code="q">63172</subfield>
   <subfield code="t">NOLOAN</subfield>
   <subfield code="v">τομ.5;τεύχ.46:(Μήνας)Φεβρουάριος;(Έτος)2009</subfield>
   <subfield code="y">23</subfield>
  </datafield>
  <datafield tag="852" ind1=" " ind2=" ">
   <subfield code="a">INST</subfield>
   <subfield code="b">UNIPILB</subfield>
   <subfield code="c">SERIALS</subfield>
   <subfield code="e">20090313</subfield>
   <subfield code="h">Αλφαβητική σειρά</subfield>
   <subfield code="p">63495</subfield>
   <subfield code="q">63495</subfield>
   <subfield code="t">NOLOAN</subfield>
   <subfield code="v">τομ.5;τεύχ.47:(Μήνας)Μάρτιος;(Έτος)2009</subfield>
   <subfield code="y">23</subfield>
  </datafield>
  <datafield tag="852" ind1=" " ind2=" ">
   <subfield code="a">INST</subfield>
   <subfield code="b">UNIPILB</subfield>
   <subfield code="c">SERIALS</subfield>
   <subfield code="e">20090414</subfield>
   <subfield code="h">Αλφαβητική σειρά</subfield>
   <subfield code="p">63965</subfield>
   <subfield code="q">63965</subfield>
   <subfield code="t">NOLOAN</subfield>
   <subfield code="v">τομ.5;τεύχ.48:(Μήνας)Απρίλιος;(Έτος)2009</subfield>
   <subfield code="y">23</subfield>
  </datafield>
  <datafield tag="852" ind1=" " ind2=" ">
   <subfield code="a">INST</subfield>
   <subfield code="b">UNIPILB</subfield>
   <subfield code="c">SERIALS</subfield>
   <subfield code="e">20090512</subfield>
   <subfield code="h">Αλφαβητική σειρά</subfield>
   <subfield code="p">64044</subfield>
   <subfield code="q">64044</subfield>
   <subfield code="t">NOLOAN</subfield>
   <subfield code="v">τομ.5;τεύχ.49:(Μήνας)Μάιος;(Έτος)2009</subfield>
   <subfield code="y">23</subfield>
  </datafield>
  <datafield tag="852" ind1=" " ind2=" ">
   <subfield code="a">INST</subfield>
   <subfield code="b">UNIPILB</subfield>
   <subfield code="c">SERIALS</subfield>
   <subfield code="e">20090618</subfield>
   <subfield code="h">Αλφαβητική σειρά</subfield>
   <subfield code="p">64237</subfield>
   <subfield code="q">64237</subfield>
   <subfield code="t">NOLOAN</subfield>
   <subfield code="v">τομ.5;τεύχ.50:(Μήνας)Ιούνιος;(Έτος)2009</subfield>
   <subfield code="y">23</subfield>
  </datafield>
  <datafield tag="852" ind1=" " ind2=" ">
   <subfield code="a">INST</subfield>
   <subfield code="b">UNIPILB</subfield>
   <subfield code="c">SERIALS</subfield>
   <subfield code="e">20090710</subfield>
   <subfield code="h">Αλφαβητική σειρά</subfield>
   <subfield code="p">64393</subfield>
   <subfield code="q">64393</subfield>
   <subfield code="t">NOLOAN</subfield>
   <subfield code="v">τομ.5;τεύχ.51:(Μήνας)Ιούλιος;(Έτος)2009</subfield>
   <subfield code="y">23</subfield>
  </datafield>
  <datafield tag="852" ind1=" " ind2=" ">
   <subfield code="a">INST</subfield>
   <subfield code="b">UNIPILB</subfield>
   <subfield code="c">SERIALS</subfield>
   <subfield code="e">20090922</subfield>
   <subfield code="h">Αλφαβητική σειρά</subfield>
   <subfield code="p">64718</subfield>
   <subfield code="q">64718</subfield>
   <subfield code="t">NOLOAN</subfield>
   <subfield code="v">τομ.5;τεύχ.52:(Μήνες)Αύγ./Σεπ.;(Έτος)2009</subfield>
   <subfield code="y">23</subfield>
  </datafield>
  <datafield tag="852" ind1=" " ind2=" ">
   <subfield code="a">INST</subfield>
   <subfield code="b">UNIPILB</subfield>
   <subfield code="c">SERIALS</subfield>
   <subfield code="e">20091013</subfield>
   <subfield code="h">Αλφαβητική σειρά</subfield>
   <subfield code="p">64972</subfield>
   <subfield code="q">64972</subfield>
   <subfield code="t">NOLOAN</subfield>
   <subfield code="v">τομ.5;τεύχ.53:(Μήνας)Οκτώβριος;(Έτος)2009</subfield>
   <subfield code="y">23</subfield>
  </datafield>
  <datafield tag="852" ind1=" " ind2=" ">
   <subfield code="a">INST</subfield>
   <subfield code="b">UNIPILB</subfield>
   <subfield code="c">SERIALS</subfield>
   <subfield code="e">20091111</subfield>
   <subfield code="h">Αλφαβητική σειρά</subfield>
   <subfield code="p">65357</subfield>
   <subfield code="q">65357</subfield>
   <subfield code="t">NOLOAN</subfield>
   <subfield code="v">τομ.5;τεύχ.54:(Μήνας)Νοέμβριος;(Έτος)2009</subfield>
   <subfield code="y">23</subfield>
  </datafield>
  <datafield tag="852" ind1=" " ind2=" ">
   <subfield code="a">INST</subfield>
   <subfield code="b">UNIPILB</subfield>
   <subfield code="c">SERIALS</subfield>
   <subfield code="e">20091214</subfield>
   <subfield code="h">Αλφαβητική σειρά</subfield>
   <subfield code="p">65834</subfield>
   <subfield code="q">65834</subfield>
   <subfield code="t">NOLOAN</subfield>
   <subfield code="v">τομ.5;τεύχ.55:(Μήνας)Δεκέμβριος;(Έτος)2009</subfield>
   <subfield code="y">23</subfield>
  </datafield>
  <datafield tag="852" ind1=" " ind2=" ">
   <subfield code="a">INST</subfield>
   <subfield code="b">UNIPILB</subfield>
   <subfield code="c">SERIALS</subfield>
   <subfield code="e">20100118</subfield>
   <subfield code="h">Αλφαβητική σειρά</subfield>
   <subfield code="p">66312</subfield>
   <subfield code="q">66312</subfield>
   <subfield code="t">NOLOAN</subfield>
   <subfield code="v">τομ.6;τεύχ.56:(Μήνας)Ιανουάριος;(Έτος)2010</subfield>
   <subfield code="y">23</subfield>
  </datafield>
  <datafield tag="852" ind1=" " ind2=" ">
   <subfield code="a">INST</subfield>
   <subfield code="b">UNIPILB</subfield>
   <subfield code="c">SERIALS</subfield>
   <subfield code="e">20100308</subfield>
   <subfield code="h">Αλφαβητική σειρά</subfield>
   <subfield code="p">67265</subfield>
   <subfield code="q">67265</subfield>
   <subfield code="t">NOLOAN</subfield>
   <subfield code="v">τομ.6;τεύχ.57:(Μήνας)Φεβρουάριος;(Έτος)2010</subfield>
   <subfield code="y">23</subfield>
  </datafield>
  <datafield tag="852" ind1=" " ind2=" ">
   <subfield code="a">INST</subfield>
   <subfield code="b">UNIPILB</subfield>
   <subfield code="c">SERIALS</subfield>
   <subfield code="e">20100419</subfield>
   <subfield code="h">Αλφαβητική σειρά</subfield>
   <subfield code="p">67925</subfield>
   <subfield code="q">67925</subfield>
   <subfield code="t">NOLOAN</subfield>
   <subfield code="v">τομ.6;τεύχ.58:(Μήνας)Μάρτιος;(Έτος)2010</subfield>
   <subfield code="y">23</subfield>
  </datafield>
  <datafield tag="852" ind1=" " ind2=" ">
   <subfield code="a">INST</subfield>
   <subfield code="b">UNIPILB</subfield>
   <subfield code="c">SERIALS</subfield>
   <subfield code="e">20100429</subfield>
   <subfield code="h">Αλφαβητική σειρά</subfield>
   <subfield code="p">67981</subfield>
   <subfield code="q">67981</subfield>
   <subfield code="t">NOLOAN</subfield>
   <subfield code="v">τομ.6;τεύχ.59:(Μήνας)Απρίλιος;(Έτος)2010</subfield>
   <subfield code="y">23</subfield>
  </datafield>
  <datafield tag="852" ind1=" " ind2=" ">
   <subfield code="a">INST</subfield>
   <subfield code="b">UNIPILB</subfield>
   <subfield code="c">SERIALS</subfield>
   <subfield code="e">20100610</subfield>
   <subfield code="h">Αλφαβητική σειρά</subfield>
   <subfield code="p">68336</subfield>
   <subfield code="q">68336</subfield>
   <subfield code="t">NOLOAN</subfield>
   <subfield code="v">τομ.6;τεύχ.60:(Μήνας)Μάιος;(Έτος)2010</subfield>
   <subfield code="y">23</subfield>
  </datafield>
  <datafield tag="852" ind1=" " ind2=" ">
   <subfield code="a">INST</subfield>
   <subfield code="b">UNIPILB</subfield>
   <subfield code="c">SERIALS</subfield>
   <subfield code="e">20100615</subfield>
   <subfield code="h">Αλφαβητική σειρά</subfield>
   <subfield code="p">68404</subfield>
   <subfield code="q">68404</subfield>
   <subfield code="t">NOLOAN</subfield>
   <subfield code="v">τομ.6;τεύχ.61:(Μήνας)Ιούνιος;(Έτος)2010</subfield>
   <subfield code="y">23</subfield>
  </datafield>
  <datafield tag="852" ind1=" " ind2=" ">
   <subfield code="a">INST</subfield>
   <subfield code="b">UNIPILB</subfield>
   <subfield code="c">SERIALS</subfield>
   <subfield code="e">20100706</subfield>
   <subfield code="h">Αλφαβητική σειρά</subfield>
   <subfield code="p">69441</subfield>
   <subfield code="q">69441</subfield>
   <subfield code="t">NOLOAN</subfield>
   <subfield code="v">τομ.6;τεύχ.62:(Μήνας)Ιούλιος;(Έτος)2010</subfield>
   <subfield code="y">23</subfield>
  </datafield>
  <datafield tag="852" ind1=" " ind2=" ">
   <subfield code="a">INST</subfield>
   <subfield code="b">UNIPILB</subfield>
   <subfield code="c">SERIALS</subfield>
   <subfield code="e">20100909</subfield>
   <subfield code="h">Αλφαβητική σειρά</subfield>
   <subfield code="p">69787</subfield>
   <subfield code="q">69787</subfield>
   <subfield code="t">NOLOAN</subfield>
   <subfield code="v">τομ.6;τεύχ.63:(Μήνες)Αύγ./Σεπ.;(Έτος)2010</subfield>
   <subfield code="y">23</subfield>
  </datafield>
  <datafield tag="852" ind1=" " ind2=" ">
   <subfield code="a">INST</subfield>
   <subfield code="b">UNIPILB</subfield>
   <subfield code="c">SERIALS</subfield>
   <subfield code="e">20101025</subfield>
   <subfield code="h">Αλφαβητική σειρά</subfield>
   <subfield code="p">70405</subfield>
   <subfield code="q">70405</subfield>
   <subfield code="t">NOLOAN</subfield>
   <subfield code="v">τομ.6;τεύχ.64:(Μήνας)Οκτώβριος;(Έτος)2010</subfield>
   <subfield code="y">23</subfield>
  </datafield>
  <datafield tag="852" ind1=" " ind2=" ">
   <subfield code="a">INST</subfield>
   <subfield code="b">UNIPILB</subfield>
   <subfield code="c">SERIALS</subfield>
   <subfield code="e">20101110</subfield>
   <subfield code="h">Αλφαβητική σειρά</subfield>
   <subfield code="p">70504</subfield>
   <subfield code="q">70504</subfield>
   <subfield code="t">NOLOAN</subfield>
   <subfield code="v">τομ.6;τεύχ.65:(Μήνας)Νοέμβριος;(Έτος)2010</subfield>
   <subfield code="y">23</subfield>
  </datafield>
  <datafield tag="852" ind1=" " ind2=" ">
   <subfield code="a">INST</subfield>
   <subfield code="b">UNIPILB</subfield>
   <subfield code="c">SERIALS</subfield>
   <subfield code="e">20101221</subfield>
   <subfield code="h">Αλφαβητική σειρά</subfield>
   <subfield code="p">70741</subfield>
   <subfield code="q">70741</subfield>
   <subfield code="t">NOLOAN</subfield>
   <subfield code="v">τομ.6;τεύχ.66:(Μήνας)Δεκέμβριος;(Έτος)2010</subfield>
   <subfield code="y">23</subfield>
  </datafield>
  <datafield tag="852" ind1=" " ind2=" ">
   <subfield code="a">INST</subfield>
   <subfield code="b">UNIPILB</subfield>
   <subfield code="c">SERIALS</subfield>
   <subfield code="e">20110121</subfield>
   <subfield code="h">Αλφαβητική σειρά</subfield>
   <subfield code="p">70881</subfield>
   <subfield code="q">70881</subfield>
   <subfield code="t">NOLOAN</subfield>
   <subfield code="v">τομ.7;τεύχ.67:(Μήνας)Ιανουάριος;(Έτος)2011</subfield>
   <subfield code="y">23</subfield>
  </datafield>
  <datafield tag="852" ind1=" " ind2=" ">
   <subfield code="a">INST</subfield>
   <subfield code="b">UNIPILB</subfield>
   <subfield code="c">SERIALS</subfield>
   <subfield code="e">20110209</subfield>
   <subfield code="h">Αλφαβητική σειρά</subfield>
   <subfield code="p">71105</subfield>
   <subfield code="q">71105</subfield>
   <subfield code="t">NOLOAN</subfield>
   <subfield code="v">τομ.7;τεύχ.68:(Μήνας)Φεβρουάριος;(Έτος)2011</subfield>
   <subfield code="y">23</subfield>
  </datafield>
  <datafield tag="852" ind1=" " ind2=" ">
   <subfield code="a">INST</subfield>
   <subfield code="b">UNIPILB</subfield>
   <subfield code="c">SERIALS</subfield>
   <subfield code="e">20110311</subfield>
   <subfield code="h">Αλφαβητική σειρά</subfield>
   <subfield code="p">71329</subfield>
   <subfield code="q">71329</subfield>
   <subfield code="t">NOLOAN</subfield>
   <subfield code="v">τομ.7;τεύχ.69:(Μήνας)Μάρτιος;(Έτος)2011</subfield>
   <subfield code="y">23</subfield>
  </datafield>
  <datafield tag="852" ind1=" " ind2=" ">
   <subfield code="a">INST</subfield>
   <subfield code="b">UNIPILB</subfield>
   <subfield code="c">SERIALS</subfield>
   <subfield code="e">20110418</subfield>
   <subfield code="h">Αλφαβητική σειρά</subfield>
   <subfield code="p">71620</subfield>
   <subfield code="q">71620</subfield>
   <subfield code="t">NOLOAN</subfield>
   <subfield code="v">τομ.7;τεύχ.70:(Μήνας)Απρίλιος;(Έτος)2011</subfield>
   <subfield code="y">23</subfield>
  </datafield>
  <datafield tag="852" ind1=" " ind2=" ">
   <subfield code="a">INST</subfield>
   <subfield code="b">UNIPILB</subfield>
   <subfield code="c">SERIALS</subfield>
   <subfield code="e">20110511</subfield>
   <subfield code="h">Αλφαβητική σειρά</subfield>
   <subfield code="p">71731</subfield>
   <subfield code="q">71731</subfield>
   <subfield code="t">NOLOAN</subfield>
   <subfield code="v">τομ.7;τεύχ.71:(Μήνας)Μάιος;(Έτος)2011</subfield>
   <subfield code="y">23</subfield>
  </datafield>
  <datafield tag="852" ind1=" " ind2=" ">
   <subfield code="a">INST</subfield>
   <subfield code="b">UNIPILB</subfield>
   <subfield code="c">SERIALS</subfield>
   <subfield code="e">20110616</subfield>
   <subfield code="h">Αλφαβητική σειρά</subfield>
   <subfield code="p">71923</subfield>
   <subfield code="q">71923</subfield>
   <subfield code="t">NOLOAN</subfield>
   <subfield code="v">τομ.7;τεύχ.72:(Μήνας)Ιούνιος;(Έτος)2011</subfield>
   <subfield code="y">23</subfield>
  </datafield>
  <datafield tag="852" ind1=" " ind2=" ">
   <subfield code="a">INST</subfield>
   <subfield code="b">UNIPILB</subfield>
   <subfield code="c">SERIALS</subfield>
   <subfield code="e">20110715</subfield>
   <subfield code="h">Αλφαβητική σειρά</subfield>
   <subfield code="p">72294</subfield>
   <subfield code="q">72294</subfield>
   <subfield code="t">NOLOAN</subfield>
   <subfield code="v">τομ.7;τεύχ.73:(Μήνας)Ιούλιος;(Έτος)2011</subfield>
   <subfield code="y">23</subfield>
  </datafield>
  <datafield tag="852" ind1=" " ind2=" ">
   <subfield code="a">INST</subfield>
   <subfield code="b">UNIPILB</subfield>
   <subfield code="c">SERIALS</subfield>
   <subfield code="e">20110923</subfield>
   <subfield code="h">Αλφαβητική σειρά</subfield>
   <subfield code="p">72703</subfield>
   <subfield code="q">72703</subfield>
   <subfield code="t">NOLOAN</subfield>
   <subfield code="v">τομ.7;τεύχ.74:(Μήνες)Αύγ./Σεπ.;(Έτος)2011</subfield>
   <subfield code="y">23</subfield>
  </datafield>
  <datafield tag="852" ind1=" " ind2=" ">
   <subfield code="a">INST</subfield>
   <subfield code="b">UNIPILB</subfield>
   <subfield code="c">SERIALS</subfield>
   <subfield code="e">20111031</subfield>
   <subfield code="h">Αλφαβητική σειρά</subfield>
   <subfield code="p">73169</subfield>
   <subfield code="q">73169</subfield>
   <subfield code="t">NOLOAN</subfield>
   <subfield code="v">τομ.7;τεύχ.75:(Μήνας)Οκτώβριος;(Έτος)2011</subfield>
   <subfield code="y">23</subfield>
  </datafield>
  <datafield tag="852" ind1=" " ind2=" ">
   <subfield code="a">INST</subfield>
   <subfield code="b">UNIPILB</subfield>
   <subfield code="c">SERIALS</subfield>
   <subfield code="e">20111128</subfield>
   <subfield code="h">Αλφαβητική σειρά</subfield>
   <subfield code="p">73620</subfield>
   <subfield code="q">73620</subfield>
   <subfield code="t">NOLOAN</subfield>
   <subfield code="v">τομ.7;τεύχ.76:(Μήνας)Νοέμβριος;(Έτος)2011</subfield>
   <subfield code="y">23</subfield>
  </datafield>
  <datafield tag="852" ind1=" " ind2=" ">
   <subfield code="a">INST</subfield>
   <subfield code="b">UNIPILB</subfield>
   <subfield code="c">SERIALS</subfield>
   <subfield code="e">20111221</subfield>
   <subfield code="h">Αλφαβητική σειρά</subfield>
   <subfield code="p">73881</subfield>
   <subfield code="q">73881</subfield>
   <subfield code="t">NOLOAN</subfield>
   <subfield code="v">τομ.7;τεύχ.77:(Μήνας)Δεκέμβριος;(Έτος)2011</subfield>
   <subfield code="y">23</subfield>
  </datafield>
  <datafield tag="852" ind1=" " ind2=" ">
   <subfield code="a">INST</subfield>
   <subfield code="b">UNIPILB</subfield>
   <subfield code="c">SERIALS</subfield>
   <subfield code="e">20120120</subfield>
   <subfield code="h">Αλφαβητική σειρά</subfield>
   <subfield code="p">74184</subfield>
   <subfield code="q">74184</subfield>
   <subfield code="t">NOLOAN</subfield>
   <subfield code="v">τομ.8;τεύχ.78:(Μήνας)Ιανουάριος;(Έτος)2012</subfield>
   <subfield code="y">23</subfield>
  </datafield>
  <datafield tag="852" ind1=" " ind2=" ">
   <subfield code="a">INST</subfield>
   <subfield code="b">UNIPILB</subfield>
   <subfield code="c">SERIALS</subfield>
   <subfield code="e">20120209</subfield>
   <subfield code="h">Αλφαβητική σειρά</subfield>
   <subfield code="p">74433</subfield>
   <subfield code="q">74433</subfield>
   <subfield code="t">NOLOAN</subfield>
   <subfield code="v">τομ.8;τεύχ.79:(Μήνας)Φεβρουάριος;(Έτος)2012</subfield>
   <subfield code="y">23</subfield>
  </datafield>
  <datafield tag="852" ind1=" " ind2=" ">
   <subfield code="a">INST</subfield>
   <subfield code="b">UNIPILB</subfield>
   <subfield code="c">SERIALS</subfield>
   <subfield code="e">20120322</subfield>
   <subfield code="h">Αλφαβητική σειρά</subfield>
   <subfield code="p">75056</subfield>
   <subfield code="q">75056</subfield>
   <subfield code="t">NOLOAN</subfield>
   <subfield code="v">τομ.8;τεύχ.80:(Μήνας)Μάρτιος;(Έτος)2012</subfield>
   <subfield code="y">23</subfield>
  </datafield>
  <datafield tag="852" ind1=" " ind2=" ">
   <subfield code="a">INST</subfield>
   <subfield code="b">UNIPILB</subfield>
   <subfield code="c">SERIALS</subfield>
   <subfield code="e">20120423</subfield>
   <subfield code="h">Αλφαβητική σειρά</subfield>
   <subfield code="p">75234</subfield>
   <subfield code="q">75234</subfield>
   <subfield code="t">NOLOAN</subfield>
   <subfield code="v">τομ.8;τεύχ.81:(Μήνας)Απρίλιος;(Έτος)2012</subfield>
   <subfield code="y">23</subfield>
  </datafield>
  <datafield tag="852" ind1=" " ind2=" ">
   <subfield code="a">INST</subfield>
   <subfield code="b">UNIPILB</subfield>
   <subfield code="c">SERIALS</subfield>
   <subfield code="e">20120517</subfield>
   <subfield code="h">Αλφαβητική σειρά</subfield>
   <subfield code="p">75453</subfield>
   <subfield code="q">75453</subfield>
   <subfield code="t">NOLOAN</subfield>
   <subfield code="v">τομ.8;τεύχ.82:(Μήνας)Μάιος;(Έτος)2012</subfield>
   <subfield code="y">23</subfield>
  </datafield>
  <datafield tag="852" ind1=" " ind2=" ">
   <subfield code="a">INST</subfield>
   <subfield code="b">UNIPILB</subfield>
   <subfield code="c">SERIALS</subfield>
   <subfield code="e">20120620</subfield>
   <subfield code="h">Αλφαβητική σειρά</subfield>
   <subfield code="p">75794</subfield>
   <subfield code="q">75794</subfield>
   <subfield code="t">NOLOAN</subfield>
   <subfield code="v">τομ.8;τεύχ.83:(Μήνας)Ιούνιος;(Έτος)2012</subfield>
   <subfield code="y">23</subfield>
  </datafield>
  <datafield tag="852" ind1=" " ind2=" ">
   <subfield code="a">INST</subfield>
   <subfield code="b">UNIPILB</subfield>
   <subfield code="c">SERIALS</subfield>
   <subfield code="e">20120706</subfield>
   <subfield code="h">Αλφαβητική σειρά</subfield>
   <subfield code="p">76012</subfield>
   <subfield code="q">76012</subfield>
   <subfield code="t">NOLOAN</subfield>
   <subfield code="v">τομ.8;τεύχ.84:(Μήνας)Ιούλιος;(Έτος)2012</subfield>
   <subfield code="y">23</subfield>
  </datafield>
  <datafield tag="852" ind1=" " ind2=" ">
   <subfield code="a">INST</subfield>
   <subfield code="b">UNIPILB</subfield>
   <subfield code="c">SERIALS</subfield>
   <subfield code="e">20120912</subfield>
   <subfield code="h">Αλφαβητική σειρά</subfield>
   <subfield code="p">76432</subfield>
   <subfield code="q">76432</subfield>
   <subfield code="t">NOLOAN</subfield>
   <subfield code="v">τομ.8;τεύχ.85:(Μήνες)Αύγ./Σεπτ.;(Έτος)2012</subfield>
   <subfield code="y">23</subfield>
  </datafield>
  <datafield tag="852" ind1=" " ind2=" ">
   <subfield code="a">INST</subfield>
   <subfield code="b">UNIPILB</subfield>
   <subfield code="c">SERIALS</subfield>
   <subfield code="e">20121016</subfield>
   <subfield code="h">Αλφαβητική σειρά</subfield>
   <subfield code="p">76904</subfield>
   <subfield code="q">76904</subfield>
   <subfield code="t">NOLOAN</subfield>
   <subfield code="v">τομ.8;τεύχ.86:(Μήνας)Οκτώβριος;(Έτος)2012</subfield>
   <subfield code="y">23</subfield>
  </datafield>
  <datafield tag="852" ind1=" " ind2=" ">
   <subfield code="a">INST</subfield>
   <subfield code="b">UNIPILB</subfield>
   <subfield code="c">SERIALS</subfield>
   <subfield code="e">20121113</subfield>
   <subfield code="h">Αλφαβητική σειρά</subfield>
   <subfield code="p">77095</subfield>
   <subfield code="q">77095</subfield>
   <subfield code="t">NOLOAN</subfield>
   <subfield code="v">τομ.8;τεύχ.87:(Μήνας)Νοέμβριος;(Έτος)2012</subfield>
   <subfield code="y">23</subfield>
  </datafield>
  <datafield tag="852" ind1=" " ind2=" ">
   <subfield code="a">INST</subfield>
   <subfield code="b">UNIPILB</subfield>
   <subfield code="c">SERIALS</subfield>
   <subfield code="e">20130108</subfield>
   <subfield code="h">Αλφαβητική σειρά</subfield>
   <subfield code="p">77432</subfield>
   <subfield code="q">77432</subfield>
   <subfield code="t">NOLOAN</subfield>
   <subfield code="v">τομ.8;τεύχ.88:(Μήνας)Δεκέμβριος;(Έτος)2012</subfield>
   <subfield code="y">23</subfield>
  </datafield>
  <datafield tag="852" ind1=" " ind2=" ">
   <subfield code="a">INST</subfield>
   <subfield code="b">UNIPILB</subfield>
   <subfield code="c">SERIALS</subfield>
   <subfield code="e">20130611</subfield>
   <subfield code="h">Αλφαβητική σειρά</subfield>
   <subfield code="p">80028</subfield>
   <subfield code="q">80028</subfield>
   <subfield code="t">NOLOAN</subfield>
   <subfield code="v">τομ.9;τεύχ.94:(Μήνας)Ιούνιος;(Έτος)2013</subfield>
   <subfield code="y">23</subfield>
  </datafield>
  <datafield tag="852" ind1=" " ind2=" ">
   <subfield code="a">INST</subfield>
   <subfield code="b">UNIPILB</subfield>
   <subfield code="c">SERIALS</subfield>
   <subfield code="e">20130715</subfield>
   <subfield code="h">Αλφαβητική σειρά</subfield>
   <subfield code="p">80518</subfield>
   <subfield code="q">80518</subfield>
   <subfield code="t">NOLOAN</subfield>
   <subfield code="v">τομ.9;τεύχ.95:(Μήνας)Ιούλιος;(Έτος)2013</subfield>
   <subfield code="y">23</subfield>
  </datafield>
  <datafield tag="852" ind1=" " ind2=" ">
   <subfield code="a">INST</subfield>
   <subfield code="b">UNIPILB</subfield>
   <subfield code="c">SERIALS</subfield>
   <subfield code="e">20130909</subfield>
   <subfield code="h">Αλφαβητική σειρά</subfield>
   <subfield code="p">80842</subfield>
   <subfield code="q">80842</subfield>
   <subfield code="t">NOLOAN</subfield>
   <subfield code="v">τομ.9;τεύχ.96:(Μήνες)Αυγ./Σεπτ.;(Έτος)2013</subfield>
   <subfield code="y">23</subfield>
  </datafield>
  <datafield tag="852" ind1=" " ind2=" ">
   <subfield code="a">INST</subfield>
   <subfield code="b">UNIPILB</subfield>
   <subfield code="c">SERIALS</subfield>
   <subfield code="e">20131014</subfield>
   <subfield code="h">Αλφαβητική σειρά</subfield>
   <subfield code="p">81071</subfield>
   <subfield code="q">81071</subfield>
   <subfield code="t">NOLOAN</subfield>
   <subfield code="v">τομ.9;τεύχ.97:(Μήνας)Οκτώβριος;(Έτος)2013</subfield>
   <subfield code="y">23</subfield>
  </datafield>
  <datafield tag="852" ind1=" " ind2=" ">
   <subfield code="a">INST</subfield>
   <subfield code="b">UNIPILB</subfield>
   <subfield code="c">SERIALS</subfield>
   <subfield code="e">20131108</subfield>
   <subfield code="h">Αλφαβητική σειρά</subfield>
   <subfield code="p">81290</subfield>
   <subfield code="q">81290</subfield>
   <subfield code="t">NOLOAN</subfield>
   <subfield code="v">τομ.9;τεύχ.98:(Μήνας)Νοέμβριος;(Έτος)2013</subfield>
   <subfield code="y">23</subfield>
  </datafield>
  <datafield tag="852" ind1=" " ind2=" ">
   <subfield code="a">INST</subfield>
   <subfield code="b">UNIPILB</subfield>
   <subfield code="c">SERIALS</subfield>
   <subfield code="e">20131216</subfield>
   <subfield code="h">Αλφαβητική σειρά</subfield>
   <subfield code="p">81661</subfield>
   <subfield code="q">81661</subfield>
   <subfield code="t">NOLOAN</subfield>
   <subfield code="v">τομ.9;τεύχ.99:(Μήνας)Δεκέμβριος;(Έτος)2013</subfield>
   <subfield code="y">23</subfield>
  </datafield>
  <datafield tag="852" ind1=" " ind2=" ">
   <subfield code="a">INST</subfield>
   <subfield code="b">UNIPILB</subfield>
   <subfield code="c">SERIALS</subfield>
   <subfield code="e">20140129</subfield>
   <subfield code="h">Αλφαβητική σειρά</subfield>
   <subfield code="p">81956</subfield>
   <subfield code="q">81956</subfield>
   <subfield code="t">NOLOAN</subfield>
   <subfield code="v">τομ.10;τεύχ.100:(Μήνας)Ιανουάριος;(Έτος)2014</subfield>
   <subfield code="y">23</subfield>
  </datafield>
  <datafield tag="852" ind1=" " ind2=" ">
   <subfield code="a">INST</subfield>
   <subfield code="b">UNIPILB</subfield>
   <subfield code="c">SERIALS</subfield>
   <subfield code="e">20140205</subfield>
   <subfield code="h">Αλφαβητική σειρά</subfield>
   <subfield code="p">81965</subfield>
   <subfield code="q">81965</subfield>
   <subfield code="t">NOLOAN</subfield>
   <subfield code="v">τομ.10;τεύχ.101:(Μήνας)Φεβρουάριος;(Έτος)2014</subfield>
   <subfield code="y">23</subfield>
  </datafield>
  <datafield tag="852" ind1=" " ind2=" ">
   <subfield code="a">INST</subfield>
   <subfield code="b">UNIPILB</subfield>
   <subfield code="c">SERIALS</subfield>
   <subfield code="e">20140318</subfield>
   <subfield code="h">Αλφαβητική σειρά</subfield>
   <subfield code="p">82423</subfield>
   <subfield code="q">82423</subfield>
   <subfield code="t">NOLOAN</subfield>
   <subfield code="v">τομ.10;τεύχ.102:(Μήνας)Μάρτιος;(Έτος)2014</subfield>
   <subfield code="y">23</subfield>
  </datafield>
  <datafield tag="852" ind1=" " ind2=" ">
   <subfield code="a">INST</subfield>
   <subfield code="b">UNIPILB</subfield>
   <subfield code="c">SERIALS</subfield>
   <subfield code="e">20140505</subfield>
   <subfield code="h">Αλφαβητική σειρά</subfield>
   <subfield code="p">83005</subfield>
   <subfield code="q">83005</subfield>
   <subfield code="t">NOLOAN</subfield>
   <subfield code="v">τομ.10;τεύχ.103:(Μήνας)Απρίλιος;(Έτος)2014</subfield>
   <subfield code="y">23</subfield>
  </datafield>
  <datafield tag="852" ind1=" " ind2=" ">
   <subfield code="a">INST</subfield>
   <subfield code="b">UNIPILB</subfield>
   <subfield code="c">SERIALS</subfield>
   <subfield code="e">20150708</subfield>
   <subfield code="h">Αλφαβητική σειρά</subfield>
   <subfield code="p">86721</subfield>
   <subfield code="q">86721</subfield>
   <subfield code="t">NOLOAN</subfield>
   <subfield code="v">τομ.9;τεύχ.99:(Μήνας)Δεκέμβριος;(Έτος)2013</subfield>
   <subfield code="y">23</subfield>
  </datafield>
  <datafield tag="856" ind1="4" ind2="1">
   <subfield code="u">http://www.nb.org</subfield>
  </datafield>
  <datafield tag="900" ind1=" " ind2=" ">
   <subfield code="a">Τομ. 10 τχ. 108 (Σεπτέμβριος 2014)</subfield>
   <subfield code="b">Οφειλόμενο</subfield>
   <subfield code="c">13/06/2017</subfield>
  </datafield>
  <datafield tag="900" ind1=" " ind2=" ">
   <subfield code="a">Τομ. 9 τχ. 89 (Ιανουάριος 2013)</subfield>
   <subfield code="b">Οφειλόμενο</subfield>
   <subfield code="c">21/02/2013</subfield>
  </datafield>
  <datafield tag="900" ind1=" " ind2=" ">
   <subfield code="a">Τομ. 9 τχ. 90 (Φεβρουάριος 2013)</subfield>
   <subfield code="b">Οφειλόμενο</subfield>
   <subfield code="c">10/06/2013</subfield>
  </datafield>
  <datafield tag="900" ind1=" " ind2=" ">
   <subfield code="a">Τομ. 9 τχ. 91 (Μάρτιος 2013)</subfield>
   <subfield code="b">Οφειλόμενο</subfield>
   <subfield code="c">10/06/2013</subfield>
  </datafield>
  <datafield tag="900" ind1=" " ind2=" ">
   <subfield code="a">Τομ. 9 τχ. 92 (Απρίλιος 2013)</subfield>
   <subfield code="b">Οφειλόμενο</subfield>
   <subfield code="c">10/06/2013</subfield>
  </datafield>
  <datafield tag="900" ind1=" " ind2=" ">
   <subfield code="a">Τομ. 10 τχ. 104 (Μάιος 2014)</subfield>
   <subfield code="b">Οφειλόμενο</subfield>
   <subfield code="c">13/06/2017</subfield>
  </datafield>
  <datafield tag="900" ind1=" " ind2=" ">
   <subfield code="a">Τομ. 10 τχ. 105 (Ιούνιος 2014)</subfield>
   <subfield code="b">Οφειλόμενο</subfield>
   <subfield code="c">13/06/2017</subfield>
  </datafield>
  <datafield tag="900" ind1=" " ind2=" ">
   <subfield code="a">Τομ. 10 τχ. 106 (Ιούλιος 2014)</subfield>
   <subfield code="b">Οφειλόμενο</subfield>
   <subfield code="c">13/06/2017</subfield>
  </datafield>
  <datafield tag="900" ind1=" " ind2=" ">
   <subfield code="a">Τομ. 10 τχ. 107 (Αύγουστος 2014)</subfield>
   <subfield code="b">Οφειλόμενο</subfield>
   <subfield code="c">13/06/2017</subfield>
  </datafield>
  <datafield tag="950" ind1=" " ind2=" ">
   <subfield code="a">01/01/2006</subfield>
   <subfield code="c">ΝΟΜΙΚΗ ΒΙΒΛΙΟΘΗΚΗ ΑΕΒΕ</subfield>
   <subfield code="d">646</subfield>
  </datafield>
  <datafield tag="951" ind1=" " ind2=" ">
   <subfield code="a">Τομ. 10 τχ. 100 (Ιανουάριος 2014) - Τομ. 10 τχ. 103 (Απρίλιος 2014)</subfield>
   <subfield code="b">Main run</subfield>
  </datafield>
  <datafield tag="951" ind1=" " ind2=" ">
   <subfield code="a">Τομ. 2 τχ. 9 (Ιανουάριος 2006) - Τομ. 2 τχ. 20 (Δεκέμβριος 2006)</subfield>
   <subfield code="b">Main run</subfield>
  </datafield>
  <datafield tag="951" ind1=" " ind2=" ">
   <subfield code="a">Τομ. 3 τχ. 21 (Ιανουάριος 2007) - Τομ. 3 τχ. 32 (Δεκέμβριος 2007)</subfield>
   <subfield code="b">Main run</subfield>
  </datafield>
  <datafield tag="951" ind1=" " ind2=" ">
   <subfield code="a">Τομ. 4 τχ. 33 (Ιανουάριος 2008) - Τομ. 4 τχ. 44 (Δεκέμβριος 2008)</subfield>
   <subfield code="b">Main run</subfield>
  </datafield>
  <datafield tag="951" ind1=" " ind2=" ">
   <subfield code="a">Τομ. 5 τχ. 45 (Ιανουάριος 2009) - Τομ. 5 τχ. 51 (Ιούλιος 2009)</subfield>
   <subfield code="b">Main run</subfield>
  </datafield>
  <datafield tag="951" ind1=" " ind2=" ">
   <subfield code="a">Τομ. 5 τχ. 52  (Αύγ./Σεπ. 2009)</subfield>
   <subfield code="b">Main run</subfield>
  </datafield>
  <datafield tag="951" ind1=" " ind2=" ">
   <subfield code="a">Τομ. 5 τχ. 53 (Οκτώβριος 2009) - Τομ. 5 τχ. 55 (Δεκέμβριος 2009)</subfield>
   <subfield code="b">Main run</subfield>
  </datafield>
  <datafield tag="951" ind1=" " ind2=" ">
   <subfield code="a">Τομ. 6 τχ. 56 (Ιανουάριος 2010) - Τομ. 6 τχ. 62 (Ιούλιος 2010)</subfield>
   <subfield code="b">Main run</subfield>
  </datafield>
  <datafield tag="951" ind1=" " ind2=" ">
   <subfield code="a">Τομ. 6 τχ. 63  (Αύγ./Σεπ. 2010)</subfield>
   <subfield code="b">Main run</subfield>
  </datafield>
  <datafield tag="951" ind1=" " ind2=" ">
   <subfield code="a">Τομ. 6 τχ. 64  (Οκτώβριος 2010)</subfield>
   <subfield code="b">Main run</subfield>
  </datafield>
  <datafield tag="951" ind1=" " ind2=" ">
   <subfield code="a">Τομ. 6 τχ. 65 (Νοέμβριος 2010) - Τομ. 6 τχ. 66 (Δεκέμβριος 2010)</subfield>
   <subfield code="b">Main run</subfield>
  </datafield>
  <datafield tag="951" ind1=" " ind2=" ">
   <subfield code="a">Τομ. 7 τχ. 67 (Ιανουάριος 2011) - Τομ. 7 τχ. 73 (Ιούλιος 2011)</subfield>
   <subfield code="b">Main run</subfield>
  </datafield>
  <datafield tag="951" ind1=" " ind2=" ">
   <subfield code="a">Τομ. 7 τχ. 74  (Αύγ./Σεπ. 2011)</subfield>
   <subfield code="b">Main run</subfield>
  </datafield>
  <datafield tag="951" ind1=" " ind2=" ">
   <subfield code="a">Τομ. 7 τχ. 75  (Οκτώβριος 2011)</subfield>
   <subfield code="b">Main run</subfield>
  </datafield>
  <datafield tag="951" ind1=" " ind2=" ">
   <subfield code="a">Τομ. 7 τχ. 76 (Νοέμβριος 2011) - Τομ. 7 τχ. 77 (Δεκέμβριος 2011)</subfield>
   <subfield code="b">Main run</subfield>
  </datafield>
  <datafield tag="951" ind1=" " ind2=" ">
   <subfield code="a">Τομ. 8 τχ. 78 (Ιανουάριος 2012) - Τομ. 8 τχ. 84 (Ιούλιος 2012)</subfield>
   <subfield code="b">Main run</subfield>
  </datafield>
  <datafield tag="951" ind1=" " ind2=" ">
   <subfield code="a">Τομ. 8 τχ. 85  (Αύγ./Σεπτ. 2012)</subfield>
   <subfield code="b">Main run</subfield>
  </datafield>
  <datafield tag="951" ind1=" " ind2=" ">
   <subfield code="a">Τομ. 8 τχ. 86 (Οκτώβριος 2012) - Τομ. 8 τχ. 88 (Δεκέμβριος 2012)</subfield>
   <subfield code="b">Main run</subfield>
  </datafield>
  <datafield tag="951" ind1=" " ind2=" ">
   <subfield code="a">Τομ. 9 τχ. 94 (Ιούνιος 2013) - Τομ. 9 τχ. 95 (Ιούλιος 2013)</subfield>
   <subfield code="b">Main run</subfield>
  </datafield>
  <datafield tag="951" ind1=" " ind2=" ">
   <subfield code="a">Τομ. 9 τχ. 96  (Αυγ./Σεπτ. 2013)</subfield>
   <subfield code="b">Main run</subfield>
  </datafield>
  <datafield tag="951" ind1=" " ind2=" ">
   <subfield code="a">Τομ. 9 τχ. 97 (Οκτώβριος 2013) - Τομ. 9 τχ. 99 (Δεκέμβριος 2013)</subfield>
   <subfield code="b">Main run</subfield>
  </datafield>
  <datafield tag="951" ind1=" " ind2=" ">
   <subfield code="a">Τομ. 9 τχ. 99  (Δεκέμβριος 2013)</subfield>
   <subfield code="b">Main run</subfield>
  </datafield>
 </record>
</collection>
